Personnel administration and labor relations in health care facilities

Guardat en:
Dades bibliogràfiques
Autor principal: Hepner, James O.
Altres autors: Boyer, John Marcus, 1913- (joint author.), Westerhaus, Carl L. (joint author.)
Format: Llibre
Idioma:English
Publicat: Saint Louis, Mosby, 1969.
Matèries:
LEADER 01119nam a2200277 4500
001 c000041208
003 CARM
005 00000000000000.0
008 700406s1969 mouk b 00110 eng
019 1 |a 719906  |5 LACONCORD2021 
020 |a 080162147X 
035 |a (OCoLC)63614  |5 LACONCORD2021 
050 0 0 |a RA972.5  |b .H4 
100 1 |a Hepner, James O. 
245 1 0 |a Personnel administration and labor relations in health care facilities  |c [by] James O. Hepner, John M. Boyer [and] Carl L. Westerhaus. 
260 |a Saint Louis,  |b Mosby,  |c 1969. 
300 |a xiii,391 p.  |b forms.  |c 26 cm. 
504 |a Bibliographical footnotes. 
650 0 |a Hospitals  |x Personnel management. 
650 0 |a Collective bargaining  |x Health facilities  |z United States. 
700 1 |a Boyer, John Marcus,  |d 1913-  |e joint author. 
700 1 |a Westerhaus, Carl L.,  |e joint author. 
852 8 |b CARM  |h A2:AD31D0  |i C00053  |p 0003054  |f BK 
082 0 4 |a 658.37/3621/1 
999 f f |i 273ffd91-0032-5b21-b952-0373cc19e9f9  |s 17995133-81dc-54cf-9e0c-28520230be6e 
952 f f |p Can circulate  |a CAVAL  |b CAVAL  |c CAVAL  |d CARM 1 Store  |e C00053  |f A2:AD31D0  |h Other scheme  |i book  |m 0003054